|
|
|
|
| LEADER |
02133nam a2200445 a 4500 |
| 001 |
EBC847473 |
| 003 |
MiAaPQ |
| 005 |
20200520144314.0 |
| 006 |
m o d | |
| 007 |
cr cn||||||||| |
| 008 |
110805s2011 cauab sb 001 0 eng d |
| 010 |
|
|
|z 2011030381
|
| 020 |
|
|
|z 9780520270855 (cloth : alk. paper)
|
| 020 |
|
|
|z 9780520270879 (pbk. : alk. paper)
|
| 020 |
|
|
|a 9780520950405 (electronic bk.)
|
| 035 |
|
|
|a (MiAaPQ)EBC847473
|
| 035 |
|
|
|a (Au-PeEL)EBL847473
|
| 035 |
|
|
|a (CaPaEBR)ebr10529564
|
| 035 |
|
|
|a (CaONFJC)MIL352061
|
| 035 |
|
|
|a (OCoLC)774278960
|
| 040 |
|
|
|a MiAaPQ
|c MiAaPQ
|d MiAaPQ
|
| 043 |
|
|
|a n------
|
| 050 |
|
4 |
|a HD6300
|b .S53 2011
|
| 082 |
0 |
4 |
|a 304.8/7305409041
|2 23
|
| 100 |
1 |
|
|a Shah, Nayan,
|d 1966-
|
| 245 |
1 |
0 |
|a Stranger intimacy
|h [electronic resource] :
|b contesting race, sexuality, and the law in the North American West /
|c Nayan Shah.
|
| 260 |
|
|
|a Berkeley :
|b University of California Press,
|c 2011.
|
| 300 |
|
|
|a xiv, 347 p. :
|b ill., maps.
|
| 490 |
1 |
|
|a American crossroads ;
|v 31
|
| 504 |
|
|
|a Includes bibliographical references and index.
|
| 505 |
0 |
|
|a Migration, capitalism, and stranger intimacy -- Passion, violence, and asserting honor -- Policing strangers and borderlands -- Rural dependency and intimate tensions -- Intimacy, law, and legitimacy -- Legal borderlands of age and gender -- Intimate ties and state legitimacy -- Membership and nation-states -- Regulating intimacy and immigration -- Strangers to citizenship -- Conclusion: estrangement or belonging? -- Notes -- Select bibliography -- Index.
|
| 533 |
|
|
|a Electronic reproduction. Ann Arbor, MI : ProQuest, 2015. Available via World Wide Web. Access may be limited to ProQuest affiliated libraries.
|
| 650 |
|
0 |
|a Foreign workers
|z North America.
|
| 650 |
|
0 |
|a Migrant labor
|z North America.
|
| 650 |
|
0 |
|a Sex and law
|z North America.
|
| 650 |
|
0 |
|a Citizenship
|x Social aspects
|z North America.
|
| 655 |
|
4 |
|a Electronic books.
|
| 710 |
2 |
|
|a ProQuest (Firm)
|
| 830 |
|
0 |
|a American crossroads ;
|v 31.
|
| 856 |
4 |
0 |
|u https://ebookcentral.proquest.com/lib/matrademy/detail.action?docID=847473
|z Click to View
|